000 00386nam a22001457a 4500
082 _aM301
_bHAF/P
100 _aHafiz Muhammed
245 _aPranaya Sancharathil/
_cby Hafiz Muhammed
260 _aKottayam:
_bSahitya Pravarthaka Cooperative Society,
_c2000.
300 _a90p.
650 _aStories Malayalam
650 _aLiterature Malayalam
650 _aLiterature
942 _cBK
999 _c145578
_d145578